01346nam a2200265 a 450000100100000000500170001000800410002704000250006808200190009310000420011224500640015426000480021830000210026650000740028759000650036159000260042665000270045265000310047965000380051091000380054895201670058695201520075395201580090599900170106300001911720240530073919.0100526s2010 dr 000 0 spa d aDO-SdBNPbspacBNPHU aRD863.5bG633n1 aGómez Guzmán, Tony,d1983-94113913aLa noche que murió la esperanza /cTony Gómez Guzmán. aSanto Domingo :bImpresos Mayobanex,c2010. a179 p. ;c21 cm. aIncluye referencias bibliográficas y notas al pie de las páginas. aLa biblioteca posee 3 ajemplares autografiados por el autor. aInventariado, 2019/VM 0aNovela dominicana9223 0aLiteratura dominicana.967 4aReligión en la literatura91109 aValidado. Control de calidad EMS. 001054708DSaGRbGRcHDd2010-05-26iLF1l0oRD863.5 G633np19117-30r2020-06-25te. 3w2020-06-25yLFDSzDedicado por el autor a la BNPHU.ZPréstamo en sala 0010718PDaPDbPDcHDd2010-05-26iLF1l0oRD863.5 G633np19117-10r2020-06-25w2020-06-25yLFPDzDedicado por el autor a la BNPHU.ZNo se presta 0010718PDaPDbPDcHDd2010-05-26iLF1l0oRD863.5 G633np19117-20r2020-06-25te. 2w2020-06-25yLFPDzDedicado por el autor a la BNPHU.ZNo se presta c18635d18635